A short history of musical life in Hungary / (Record no. 66651)
[ view plain ]
| 000 -الفاتح | |
|---|---|
| حقل البيانات ثابتة الطول | 00675nam a2200241 a 4500 |
| 005 - وقت وتاريخ اخر تعامل مع التسجيلة | |
| رقم الضبط | 20240530110931.0 |
| 008 - عناصر البيانات ثابتة الطول - معلومات عامة | |
| حقل البيانات ثابتة الطول | 830301s1981 hu a 000 0 eng |
| 010 ## - | |
| -- | 82110742 |
| 020 ## - الرقم الدولى المعيارى للكتب | |
| الرقم الدولى المعيارى للكتاب | 9631311759 (pbk.) |
| 040 ## - مصدر الفهرسة | |
| وكالة الفهرسة الأصلية | DLC |
| وكالة النسخ | DLC |
| وكالة التعديل | DLC |
| 041 1# - رمز اللغة | |
| رمز لغة النص/ المسارات الصوتية أو العنوان الانفرادي | enghun |
| 043 ## - رمز المنطقة الجغرافية | |
| رمز المنطقة الجغرافية | e-hu--- |
| 082 00 - رقم تصنيف ديوى العشرى | |
| رقم التصنيف | 980.9439 |
| رقم الطبعة | 21 |
| رقم المادة | K S |
| 100 1# - المدخل الرئيسى - إسم شخصى | |
| الإسم الشخصى | KIADO, CORVINA |
| 245 12 - بيان العنوان | |
| العنوان | A short history of musical life in Hungary / |
| بيان المسئوليه,etc | KIADO, CORVINA |
| 260 ## - PUBLICATION, DISTRIBUTION, ETC. (IMPRINT) | |
| تاريخ النشر أو التوزيع | 1981. |
| 300 ## - الوصف المادى | |
| التعداد | 48 p. : |
| تفاصيل ماديه اخرى للوعاء | ill. ; |
| أبعاد الوعاء | 20 cm. |
| 650 #0 - المدخل الاضافى بالموضوع-مصطلح موضوعى | |
| مصطلح موضوعي | Music |
| التقسيم الفرعي الجغرافي | Hungary |
| التقسيم الفرعي العام | History and criticism. |
| 942 ## - عناصر المدخل الإضافي( كوها) | |
| مصدر التصنيف او مخطط الترفيف | Dewey Decimal Classification |
| Koha [default] item type | كتاب |
| 260 ## - PUBLICATION, DISTRIBUTION, ETC. (IMPRINT) | |
| -- | Budapest : |
| -- | Corvina, |
| 906 ## - عنصر بيانات محلى F, LDF (RLIN) | |
| a | 7 |
| b | cbc |
| c | orignew |
| d | 3 |
| e | ncip |
| f | 19 |
| g | y-gencatlg |
| حالة التراجع | حالة الفقد | مصدر التصنيف او خطة الترفيف | حالة تلف | ليس للاعارة | المكان المؤقت | الموقع الحالى | تاريخ الاكتساب | اجمالي اﻻعارات | رقم الطلب | الباركود | تاريخ اخر مشاهدة | تاريخ تفعيل السعر | نوع وعاء كوها | موقع الترفيف |
|---|---|---|---|---|---|---|---|---|---|---|---|---|---|---|
| ddc | مكتبة القاهرة الكبرى | مكتبة القاهرة الكبرى | 09/01/2022 | 980.9439 K S | 168385 | 09/01/2022 | 09/01/2022 | كتاب | ||||||
| ddc | مكتبة القاهرة الكبرى | مكتبة القاهرة الكبرى | 09/01/2022 | 980.9439 K S | 168386 | 09/01/2022 | 09/01/2022 | كتاب |

